00830nam a2200205Ia 4500008004100000040001400041082002200055100006000077245008000137260004500217300001100262365002600273366000800299505002900307530003000336620008100366630008000447650001700527730008000544100315s9999 xx 000 0 und d cENGLISH  b10365 a657.48  a"Davidson, Sidney, Stickney, Clyde P., Weil, Roman L. " aInflation Accounting : a guide for the accountant and the financial analyst aNew Delhi bTATA MCGRAW-HILL  c1978  a241   eRupees d1 b0.00  f0  gRamakant Amar Navghare  bDonated By RBI Library   a"Inflation Accounting, Financial analyst, Financial management, RBI book. " aInflation Accounting : a guide for the accountant and the financial analyst aACCOUNTING  aInflation Accounting : a guide for the accountant and the financial analyst